000 00523nam a2200157Ia 4500
008 151213s9999 xx 000 0 und d
020 _a984-70169-0079-2
100 _aফারুক মাহমুদ।
245 _aহৃদয়ে প্রেমের দিন।
_cফারুক মাহমুদ।
260 _aঢাকা
_bঅ্যাডর্ন।
_c2009
300 _a8415 p.
650 _aBangla
650 _aBengali Literature
700 _aফারুক মাহমুদ।
999 _c4253
_d4253